<?xml version="1.0" encoding="UTF-8"?>
<marc:record xmlns:marc="http://www.loc.gov/MARC21/slim">
   <marc:leader>00000nam a2200000 a 4500</marc:leader>
   <marc:datafield ind1="1" ind2=" " tag="100">
      <marc:subfield code="a">Sautner, Thomas</marc:subfield>
      <marc:subfield code="4">aut</marc:subfield>
      <marc:subfield code="e">Verfasser/-in</marc:subfield>
   </marc:datafield>
   <marc:datafield ind1="0" ind2="0" tag="245">
      <marc:subfield code="a">Die Älteste</marc:subfield>
   </marc:datafield>
   <marc:datafield ind1="0" ind2="0" tag="245">
      <marc:subfield code="b">Roman</marc:subfield>
   </marc:datafield>
   <marc:datafield ind1="0" ind2="0" tag="245">
      <marc:subfield code="c">Thomas Sautner</marc:subfield>
   </marc:datafield>
   <marc:datafield ind1=" " ind2="1" tag="264">
      <marc:subfield code="a">Wien</marc:subfield>
      <marc:subfield code="b">Picus-Verl.</marc:subfield>
      <marc:subfield code="c">2015</marc:subfield>
   </marc:datafield>
   <marc:datafield ind1="1" ind2=" " tag="520">
      <marc:subfield code="a">Die Diagnose ist ebenso schonungslos wie eindeutig: Hirntumor. Unheilbar. Als letzten Ausweg in der Not sieht Sophie die Fahrt in die Abgeschiedenheit des Waldviertels, wo eine alte Heilerin wohnt, die angeblich in den hoffnungslosesten Fällen helfen kann. Die Spielregeln sind einfach: Mit einer Dose Tabak, einer Flasche Schnaps und Kaffee besucht man die Einsiedlerin mit dem alten Wissen der Jenischen und folgt von nun an ihren irritierenden Anweisungen.</marc:subfield>
   </marc:datafield>
   <marc:datafield ind1=" " ind2=" " tag="020">
      <marc:subfield code="a">9783711720214</marc:subfield>
      <marc:subfield code="9">9783711720214</marc:subfield>
   </marc:datafield>
   <marc:datafield ind1=" " ind2=" " tag="020">
      <marc:subfield code="a">3711720218</marc:subfield>
      <marc:subfield code="9">3711720218</marc:subfield>
   </marc:datafield>
   <marc:datafield ind1=" " ind2=" " tag="300">
      <marc:subfield code="a">142 S.</marc:subfield>
   </marc:datafield>
</marc:record>
